[Event "AUTO-OPEN-145"]
[Site "http://www.queenalice.com/game.php?id=29196"]
[Date "2005.9.17"]
[Round "1"]
[White "razoman"]
[Black "Buyung"]
[Result "1-0"]
[WhiteElo "1931"]
[BlackElo "1598"]

1. e4 e5 2. Nf3 Nc6 3. Bb5 d6 4. Bxc6+ bxc6 5. d3 Nf6 6. h3 Be7 7. O-O c5 8. Nc3
c6 9. Nh2 h6 10. f4 Qb6 11. fxe5 dxe5 12. Na4 Qc7 13. Be3 Qa5 14. c4 Rb8 15. Bd2
Qc7 16. b3 Be6 17. Be3 Nd7 18. Qf3 Rf8 19. Qf2 Qa5 20. Bd2 Qc7 21. Nf3 f5 22.
Bc3 f4 23. a3 Rb7 24. Rab1 Qb8 25. Qb2 g5 26. Bxe5 Nxe5 27. Nxe5 Bf6 28. Nxc6
Qc7 29. e5 Bg7 30. Nxc5 Qxc6 31. Nxb7 Qxb7 32. d4 f3 33. d5 Bf5 34. Rbe1 g4 35.
gxf3 gxh3 36. f4 Rg8 37. Kh2 h5 38. Rg1 Bg4 39. Qc2 Bh6 40. Ref1 Qa6 41. a4 Qb6
42. Qc3 Bf8 43. d6 Kd7 44. c5 Qc6 45. f5 Qe4 46. e6+ Kc6 47. b4 a6 48. Qe1 Qc2+
49. Rf2 Qxa4 50. Qe4+ Kb5 51. Qb7+ Kc4 52. Rc1+ Kd3 53. Qd5+ Ke3 54. Qd2+ Ke4
55. Re1+ 1-0

[Event "AUTO-OPEN-145"]
[Site "http://www.queenalice.com/game.php?id=29197"]
[Date "2005.9.17"]
[Round "1"]
[White "Buyung"]
[Black "razoman"]
[Result "0-1"]
[WhiteElo "1540"]
[BlackElo "1844"]

1. e4 c5 2. Bc4 e6 3. d3 a6 4. a4 Nc6 5. Be3 d6 6. Ne2 Nf6 7. O-O Be7 8. f4 O-O
9. e5 Ng4 10. Bd2 d5 11. Bb3 c4 12. dxc4 Qb6+ 13. Kh1 Nf2+ 14. Rxf2 Qxf2 15.
cxd5 exd5 16. Bxd5 Bg4 17. Bf3 Bxf3 18. gxf3 Qxf3+ 19. Kg1 Bc5+ 0-1

[Event "AUTO-OPEN-145"]
[Site "http://www.queenalice.com/game.php?id=29220"]
[Date "2005.9.17"]
[Round "1"]
[White "sandroobom2003"]
[Black "Buyung"]
[Result "0-1"]
[WhiteElo "1530"]
[BlackElo "1593"]

1. e4 e5 2. Bc4 Qh4 3. Qf3 Nf6 4. d3 d6 5. h3 Bg4 6. Qg3 Qh5 7. f3 Bd7 8. Bg5
Be7 9. Bxf6 gxf6 10. Ne2 f5 11. O-O f4 12. Qf2 Rg8 13. Kh2 Bh4 0-1

[Event "AUTO-OPEN-145"]
[Site "http://www.queenalice.com/game.php?id=29221"]
[Date "2005.9.17"]
[Round "1"]
[White "Buyung"]
[Black "sandroobom2003"]
[Result "1-0"]
[WhiteElo "1578"]
[BlackElo "1562"]

1. e4 e5 2. Bc4 Be7 3. Qh5 Nh6 4. d3 O-O 5. Bxh6 Bf6 6. Be3 Nc6 7. f4 exf4 8.
Bc1 Nd4 9. Qd1 Bh4+ 10. Kf1 Bg5 11. Nf3 Nxf3 12. Qxf3 1-0

[Event "AUTO-OPEN-145"]
[Site "http://www.queenalice.com/game.php?id=29234"]
[Date "2005.9.17"]
[Round "1"]
[White "xenofonte"]
[Black "Buyung"]
[Result "0-1"]
[WhiteElo "1281"]
[BlackElo "1581"]

1. e4 c5 2. Nc3 Nc6 3. a4 b6 4. Bd3 Bb7 5. Nf3 g6 6. O-O e6 7. Bb5 Bg7 8. Re1 a6
9. Bc4 Nf6 10. e5 Ng4 11. Re4 Ngxe5 12. Nxe5 Nxe5 13. Rf4 Qg5 14. g3 Qh6 15. d3
Qh3 16. Rh4 Qg2# 0-1

[Event "AUTO-OPEN-145"]
[Site "http://www.queenalice.com/game.php?id=29235"]
[Date "2005.9.17"]
[Round "1"]
[White "Buyung"]
[Black "xenofonte"]
[Result "1-0"]
[WhiteElo "1577"]
[BlackElo "1285"]

1. e4 e5 2. Bc4 Qe7 3. d3 Nc6 4. Nc3 d6 5. Nf3 Nd4 6. Nd5 Qd8 7. c3 Nxf3+ 8.
Qxf3 Nf6 9. Be3 Nxd5 10. exd5 h5 11. h3 f5 12. O-O-O c6 13. dxc6 bxc6 14. Qxc6+
Bd7 15. Qd5 Rb8 16. Qf7# 1-0

[Event "AUTO-MASTER-44"]
[Site "http://www.queenalice.com/game.php?id=29265"]
[Date "2005.9.17"]
[Round "1"]
[White "trompmaster"]
[Black "Buyung"]
[Result "1-0"]
[WhiteElo "1769"]
[BlackElo "1608"]

1. d4 d5 2. Bg5 h6 3. Bh4 f5 4. e3 Nf6 5. Bxf6 exf6 6. Qh5+ Ke7 7. Nh3 Qd6 8.
Nc3 a6 9. Nf4 Kd8 10. Qf7 c6 11. Ng6 Be6 12. Qxb7 Rg8 13. Qxa8 Bf7 14. Nf4 g5
15. Nd3 Qc7 16. O-O-O Bd6 17. Na4 Qa5 18. Ndc5 Ke7 19. Qa7+ Bc7 20. b4 Qxb4 21.
Qxc7+ Kf8 22. Qxb8+ Qxb8 23. Nd7+ Kg7 24. Nxb8 Rxb8 25. Bxa6 f4 26. Rd3 fxe3 27.
Rb3 Ra8 28. Nc5 exf2 29. Rf1 h5 30. Rxf2 Kg6 31. Bd3+ Kg7 32. a4 g4 33. g3 Re8
34. Re2 Rxe2 35. Bxe2 Kg6 36. a5 Kg5 37. a6 1-0

[Event "AUTO-MASTER-44"]
[Site "http://www.queenalice.com/game.php?id=29266"]
[Date "2005.9.17"]
[Round "1"]
[White "Buyung"]
[Black "trompmaster"]
[Result "0-1"]
[WhiteElo "1575"]
[BlackElo "1711"]

1. d4 d6 2. c4 g6 3. e4 Bg7 4. Be3 Nc6 5. Nf3 Bg4 6. Be2 Bxf3 7. Bxf3 e5 8. d5
Nce7 9. Nc3 f5 10. Qa4+ Kf7 11. O-O f4 12. Bd2 h5 13. g3 g5 14. b4 Nf6 15. c5 g4
16. Bd1 Ng6 17. Bc2 Bh6 18. Bb3 fxg3 19. Bxh6 gxh2+ 20. Kxh2 Rxh6 21. Ne2 Nxe4
22. Ng3 Qh4+ 23. Kg2 Qh3+ 24. Kg1 Nf4 25. Qd7+ Kg8 0-1

[Event "AUTO-MASTER-44"]
[Site "http://www.queenalice.com/game.php?id=29283"]
[Date "2005.9.17"]
[Round "1"]
[White "Buyung"]
[Black "alexsoncini"]
[Result "0-1"]
[WhiteElo "1652"]
[BlackElo "1832"]

1. d4 d5 2. Nc3 e6 3. Bf4 c5 4. dxc5 Bxc5 5. Nf3 Bd7 6. e3 Nf6 7. Bd3 Nc6 8. a3
Nh5 9. Na4 Qa5+ 10. Nc3 Nxf4 11. exf4 Qc7 12. b4 Bd4 13. Nxd4 Nxd4 14. Qd2 Rc8
15. Nd1 Nxc2+ 16. Bxc2 Qxc2 17. Qxc2 Rxc2 18. O-O Ke7 19. Ne3 Rc3 20. Rfd1 Ba4
21. Rdc1 Rhc8 22. Rxc3 Rxc3 23. h4 d4 24. Nf1 f6 25. g3 e5 26. fxe5 fxe5 27. Nd2
Bc6 28. a4 Kd6 29. b5 Bd5 30. a5 Rc2 31. Nf1 Ra2 32. Rxa2 Bxa2 33. Nd2 Kc5 34.
b6 axb6 35. axb6 Kxb6 36. f4 exf4 37. gxf4 Kc5 38. Kf2 b5 39. Kf3 b4 40. Ke4 b3
41. f5 b2 42. Ke5 b1=Q 43. Nxb1 Bxb1 0-1

[Event "AUTO-MASTER-44"]
[Site "http://www.queenalice.com/game.php?id=29284"]
[Date "2005.9.17"]
[Round "1"]
[White "alexsoncini"]
[Black "Buyung"]
[Result "1-0"]
[WhiteElo "1884"]
[BlackElo "1564"]

1. e4 c5 2. Nf3 Nc6 3. d3 b5 4. Be2 Bb7 5. O-O e5 6. Be3 d6 7. c3 Be7 8. Na3 a6
9. Nc2 Nf6 10. Bg5 h6 11. Bxf6 Bxf6 12. Ne3 b4 13. cxb4 Nxb4 14. a3 Nc6 15. Qa4
O-O 16. Rab1 Qc8 17. Nd5 Qc7 18. Nxc7 1-0

[Event "AUTO-MASTER-44"]
[Site "http://www.queenalice.com/game.php?id=29285"]
[Date "2005.9.17"]
[Round "1"]
[White "Buyung"]
[Black "meroej"]
[Result "0-1"]
[WhiteElo "1629"]
[BlackElo "1792"]

1. d4 d5 2. Nf3 Bf5 3. Nc3 e6 4. e3 Bb4 5. Ne5 Bxc3+ 6. bxc3 Nd7 7. Nxd7 Qxd7 8.
a4 a6 9. h4 h5 10. c4 c6 11. cxd5 cxd5 12. Bd3 Ne7 13. Ba3 g6 14. a5 O-O 15. O-O
Rfc8 16. Bxe7 Qxe7 17. g3 Bxd3 18. Qxd3 Rc4 19. Rfb1 Rac8 20. Ra2 Qc7 21. Rbb2
Rc3 22. Qd2 Qc4 23. Kg2 Rc7 24. Qd1 e5 25. dxe5 Qe4+ 26. Kh2 Qxe5 27. Qb1 Qf5
28. Kg2 Qe4+ 29. Kg1 d4 30. exd4 Qxd4 31. Kg2 Qe4+ 32. Kg1 g5 33. hxg5 h4 34.
Rb4 Rxg3+ 35. fxg3 Qe3+ 36. Kf1 Qf3+ 37. Ke1 Re7+ 38. Kd2 Qe3+ 0-1

[Event "AUTO-MASTER-44"]
[Site "http://www.queenalice.com/game.php?id=29286"]
[Date "2005.9.17"]
[Round "1"]
[White "meroej"]
[Black "Buyung"]
[Result "1-0"]
[WhiteElo "1765"]
[BlackElo "1593"]

1. e4 c5 2. c3 Nc6 3. d4 cxd4 4. cxd4 e6 5. Nf3 Bb4+ 6. Nc3 Nf6 7. Bd3 O-O 8.
O-O a6 9. Qc2 b5 10. e5 Bxc3 11. bxc3 Nd5 12. Bxh7+ Kh8 13. Be4 Nce7 14. Qd3 a5
15. Ng5 Nf5 16. Bxd5 Ba6 17. Qh3+ Nh6 18. Be4 d5 19. Bd3 b4 20. Bxa6 Rxa6 21.
Qd3 g6 22. Qxa6 bxc3 23. Nxe6 fxe6 24. Bxh6 Rf5 25. Qxe6 Kh7 26. Be3 Rh5 27.
Qf7+ Kh8 28. Qxg6 Qh4 29. h3 Rh7 30. Bg5 Qe4 31. Bf6+ 1-0

[Event "AUTO-ADV-83"]
[Site "http://www.queenalice.com/game.php?id=29432"]
[Date "2005.9.19"]
[Round "1"]
[White "ENDHER"]
[Black "Buyung"]
[Result "1-0"]
[WhiteElo "2017"]
[BlackElo "1595"]

1. d4 g6 2. c4 Bg7 3. Nf3 d6 4. Nc3 Nf6 5. e4 Bg4 6. Be2 O-O 7. h3 Bxf3 8. Bxf3
c6 9. O-O e5 10. Bg5 Nbd7 11. d5 Qc8 12. dxc6 bxc6 13. Qxd6 h6 14. Be3 Re8 15.
Rfd1 Bf8 16. Qd2 g5 17. h4 g4 18. Be2 h5 19. Rf1 Re6 20. f4 exf4 21. Bxf4 Nxe4
22. Nxe4 Rxe4 23. Bd3 Bc5+ 24. Kh1 Re7 25. Bh6 f6 26. Rxf6 Nxf6 27. Qg5+ Kf7 28.
Qg6+ Ke6 29. Bf5+ Kd6 30. Bxc8 Rxc8 31. Qxf6+ Kc7 32. Bf4+ Kb6 33. a3 Re4 34. b4
Bd4 35. c5+ Kb5 36. Qf5 Rce8 37. Bg3 Bxa1 38. Qxh5 Bb2 39. Qg6 Bxa3 40. h5 Bxb4
41. h6 Bxc5 42. Kh2 R8e6 43. Qg5 Kb4 44. h7 Re8 45. Qd2+ Kb5 46. Qb2+ Bb4 47.
h8=Q Rxh8+ 48. Qxh8 a5 49. Qc8 Rc4 50. Qf5+ Ka4 51. Bf4 c5 52. Qxg4 Rd4 53. g3
Kb3 54. Qf3+ Kc2 55. Qf1 a4 56. Qc1+ Kb3 57. Qb1+ Kc4 58. Qa2+ Kb5 59. Qe2+ Kb6
60. Qe6+ Kb7 61. Be3 Rd1 62. Qe4+ Kb6 63. Qxb4+ 1-0

[Event "AUTO-ADV-83"]
[Site "http://www.queenalice.com/game.php?id=29433"]
[Date "2005.9.19"]
[Round "1"]
[White "Buyung"]
[Black "ENDHER"]
[Result "0-1"]
[WhiteElo "1581"]
[BlackElo "1918"]

1. e4 e5 2. Bc4 Nf6 3. d3 Bc5 4. h3 d6 5. Nf3 h6 6. Nc3 O-O 7. Nd5 c6 8. Nxf6+
Qxf6 9. Be3 Bxe3 10. fxe3 Qg6 11. Qe2 Nd7 12. Nh4 Qg5 13. Nf3 Qg6 14. O-O-O Nb6
15. Bb3 a5 16. g4 a4 17. Bc4 Nxc4 18. dxc4 Qxe4 19. Rdg1 Be6 20. Nd2 Qg6 21. h4
f6 22. a3 Bf7 23. g5 fxg5 24. hxg5 h5 25. Nf3 Qe4 26. Rh4 Qf5 27. e4 Qg6 28.
Rgh1 Qh7 29. R4h2 g6 30. Nd2 d5 31. exd5 cxd5 32. Qxe5 dxc4 33. Ne4 Qg7 34. Qe7
Kh8 35. Nf6 Ra5 36. Rg1 b5 37. c3 Ra6 38. Re1 Bg8 39. Qe5 Re6 40. Qg3 Rxe1+ 41.
Qxe1 Rxf6 42. gxf6 Qxf6 43. Kb1 Be6 44. Rf2 Bf5+ 45. Ka2 h4 46. Qe8+ Kh7 47.
Qxb5 Bb1+ 48. Kxb1 Qxf2 49. Qxc4 h3 50. Qe4 Qf5 51. Qxf5 gxf5 52. c4 h2 0-1

[Event "AUTO-ADV-83"]
[Site "http://www.queenalice.com/game.php?id=29446"]
[Date "2005.9.19"]
[Round "1"]
[White "Buyung"]
[Black "altair"]
[Result "1-0"]
[WhiteElo "1620"]
[BlackElo "1548"]

1. e4 e5 2. Nf3 d6 3. Bc4 Bg4 4. d3 Nc6 5. Bxf7+ Kd7 6. Bxg8 Rxg8 7. h3 Bh5 8.
Nxe5+ Nxe5 9. Qxh5 h6 10. d4 Nc6 11. Qg4+ Ke8 12. Qe6+ Ne7 13. Nc3 g5 14. Nd5
Bg7 15. Nxe7 Qxe7 16. Qxg8+ Bf8 17. Qg6+ Kd8 18. O-O c6 19. c4 Kc7 20. b4 Bg7
21. Be3 c5 22. bxc5 dxc5 23. Rad1 Rd8 24. dxc5 Rxd1 25. Rxd1 1-0

[Event "AUTO-ADV-83"]
[Site "http://www.queenalice.com/game.php?id=29447"]
[Date "2005.9.19"]
[Round "1"]
[White "altair"]
[Black "Buyung"]
[Result "0-1"]
[WhiteElo "1535"]
[BlackElo "1628"]

1. e4 e5 2. Nf3 Nc6 3. Bb5 d6 4. Bxc6+ bxc6 5. d3 h6 6. Nc3 Nf6 7. Be3 Ba6 8.
O-O Be7 9. Re1 Ng4 10. h3 Nxe3 11. Rxe3 O-O 12. b4 Rb8 13. a3 f5 14. exf5 Rxf5
15. Nh2 Bg5 16. Rf3 Qd7 17. Ne4 Rbf8 18. Nxg5 Rxg5 19. Rxf8+ Kxf8 20. Nf3 Rg6
21. Nh4 Rg5 22. Qf3+ Kg8 23. Re1 Bc8 24. Re3 d5 25. Qe2 Qd6 26. g4 h5 27. Nf3
Rg6 28. Nxe5 Rf6 29. d4 hxg4 30. hxg4 Rh6 31. f4 a5 32. c3 axb4 33. axb4 Rh4 34.
f5 Qh6 35. Rg3 Rh1+ 36. Kf2 Rh2+ 37. Rg2 Qh4+ 38. Kf1 Rh1+ 39. Rg1 Qh3+ 40. Kf2
Rh2+ 0-1

[Event "AUTO-ADV-83"]
[Site "http://www.queenalice.com/game.php?id=29448"]
[Date "2005.9.19"]
[Round "1"]
[White "Buyung"]
[Black "Walter"]
[Result "1/2-1/2"]
[WhiteElo "1633"]
[BlackElo "1508"]

1. e4 e5 2. Nf3 Nc6 3. Bc4 Bc5 4. d3 h6 5. a4 d6 6. Bd2 Nd4 7. Nxd4 Bxd4 8. c3
d5 9. exd5 Bc5 10. b4 Bd6 11. O-O Nf6 12. f4 O-O 13. fxe5 Bxe5 14. Qf3 Bg4 15.
Qe3 Bd6 16. Na3 Re8 17. Qf2 Re2 18. Qh4 Rxd2 19. Nb5 Re2 20. Rae1 Rxe1 21. Rxe1
Bd7 22. Nxd6 cxd6 23. b5 Qa5 24. Qg3 Qxa4 25. Qxd6 Qc2 26. Rf1 Qxc3 27. Qc7 Qd4+
28. Kh1 Ng4 29. Qxb7 Nf2+ 30. Kg1 Nxd3+ 31. Kh1 Nf2+ 32. Rxf2 Rd8 33. Qc7 Qxf2
34. Qxd8+ Kh7 35. h4 Qe1+ 36. Kh2 Qe5+ 37. Kh1 Qe1+ 38. Kh2 Qe5+ 1/2-1/2

[Event "AUTO-ADV-83"]
[Site "http://www.queenalice.com/game.php?id=29449"]
[Date "2005.9.19"]
[Round "1"]
[White "Walter"]
[Black "Buyung"]
[Result "0-1"]
[WhiteElo "1494"]
[BlackElo "1618"]

1. e4 c5 2. Bc4 e6 3. Nf3 a6 4. O-O Nc6 5. d4 b5 6. d5 Nd4 7. Nxd4 cxd4 8. Bd3
Bc5 9. dxe6 dxe6 10. Bf4 Ne7 11. c3 Ng6 12. Bd2 Bb7 13. Re1 Qd6 14. c4 Nf4 15.
Qf3 Nxd3 16. Qxd3 O-O 17. f3 Bc6 18. e5 bxc4 19. exd6 cxd3 20. Bf4 Rfd8 21. Nd2
Bxd6 22. Bxd6 Rxd6 23. Rac1 f6 24. Rc5 Bb5 25. Rec1 e5 26. Ne4 Rb6 27. Rc8+ Rxc8
28. Rxc8+ Kf7 29. Rc7+ Kg6 30. Rc1 f5 31. Nd2 Re6 32. Kf2 e4 33. fxe4 fxe4 34.
Ke1 e3 0-1

[Event "AUTO-MASTER-53"]
[Site "http://www.queenalice.com/game.php?id=32269"]
[Date "2005.10.8"]
[Round "1"]
[White "barron6469"]
[Black "Buyung"]
[Result "1-0"]
[WhiteElo "1736"]
[BlackElo "1674"]

1. d4 d5 2. c4 dxc4 3. e3 b5 4. a4 Bd7 5. axb5 Bxb5 6. Nc3 Qd7 7. Qc2 e6 8. Nxb5
Qxb5 9. Bxc4 Qg5 10. Qe4 Bb4+ 11. Bd2 Bxd2+ 12. Kxd2 c6 13. g3 Nf6 14. Qf3 O-O
15. h4 Qg4 16. Qxg4 Nxg4 17. Ke2 Nd7 18. Nf3 Nb6 19. Bd3 h6 20. h5 f5 21. b4 1-0

[Event "AUTO-MASTER-53"]
[Site "http://www.queenalice.com/game.php?id=32270"]
[Date "2005.10.8"]
[Round "1"]
[White "Buyung"]
[Black "barron6469"]
[Result "1-0"]
[WhiteElo "1643"]
[BlackElo "1735"]

1. d4 Nf6 2. c4 e6 3. Bg5 Be7 4. e3 h6 5. Bf4 b6 6. Qf3 c6 7. Nc3 Bb7 8. Nb5 Na6
9. Nd6+ Bxd6 10. Bxd6 Qc8 11. e4 c5 12. d5 Nb4 13. Qe2 Kd8 14. a3 1-0

[Event "AUTO-MASTER-53"]
[Site "http://www.queenalice.com/game.php?id=32281"]
[Date "2005.10.8"]
[Round "1"]
[White "Nephi_R"]
[Black "Buyung"]
[Result "1-0"]
[WhiteElo "1841"]
[BlackElo "1660"]

1. e4 c5 2. Nf3 Nc6 3. d4 cxd4 4. Nxd4 e5 5. Nb5 d6 6. Be2 Nf6 7. N1c3 a6 8. Na3
b5 9. Naxb5 axb5 10. Bxb5 Bb7 11. Be3 Be7 12. a4 O-O 13. O-O Nb4 14. f3 d5 15.
exd5 Nfxd5 16. Nxd5 Nxd5 17. Bf2 Bh4 18. Qe1 Bf6 19. c3 Nf4 20. Bc5 Be7 21. Qxe5
Bxc5+ 22. Qxc5 Qf6 23. Qd4 1-0

[Event "AUTO-MASTER-53"]
[Site "http://www.queenalice.com/game.php?id=32282"]
[Date "2005.10.8"]
[Round "1"]
[White "Buyung"]
[Black "Nephi_R"]
[Result "0-1"]
[WhiteElo "1651"]
[BlackElo "1850"]

1. d4 Nf6 2. c4 e6 3. Bg5 Be7 4. e3 d5 5. c5 Nbd7 6. Bd3 c6 7. Nf3 b6 8. b4 a5
9. O-O axb4 10. cxb6 Nxb6 11. h3 Bd7 12. Qc2 h6 13. Bh4 Rc8 14. Ne5 c5 15. Nxd7
Nfxd7 16. Bg3 cxd4 17. Qd1 dxe3 18. fxe3 Nc5 19. Bb5+ Nbd7 20. Nd2 O-O 21. a4
Nf6 22. Be5 Nce4 23. Nxe4 Nxe4 0-1

[Event "AUTO-MASTER-53"]
[Site "http://www.queenalice.com/game.php?id=32287"]
[Date "2005.10.8"]
[Round "1"]
[White "ovidiubar"]
[Black "Buyung"]
[Result "0-1"]
[WhiteElo "1535"]
[BlackElo "1640"]

1. d4 d5 2. c4 dxc4 3. e3 b5 4. a4 c6 5. axb5 cxb5 6. Qf3 e5 7. Qxa8 Bd7 8. Nf3
Bb4+ 9. Bd2 Bxd2+ 10. Nbxd2 exd4 11. Nxd4 Nf6 12. Qb7 O-O 13. Rxa7 Bg4 14. Be2
Bxe2 15. Kxe2 Nbd7 16. Nxb5 Nc5 17. Qc7 Qd3+ 18. Ke1 Nfe4 19. Nxe4 Nxe4 20. Qd7
Qb1+ 21. Qd1 Qxb2 22. Kf1 Qxf2# 0-1

[Event "AUTO-MASTER-53"]
[Site "http://www.queenalice.com/game.php?id=32288"]
[Date "2005.10.8"]
[Round "1"]
[White "Buyung"]
[Black "ovidiubar"]
[Result "0-1"]
[WhiteElo "1652"]
[BlackElo "1508"]

1. d4 d5 2. c4 c6 3. c5 Nf6 4. Nc3 Nbd7 5. Bg5 e5 6. e3 Be7 7. Nf3 e4 8. Nd2 h6
9. Bh4 O-O 10. Be2 b6 11. b4 b5 12. a4 bxa4 13. Rxa4 a5 14. b5 Bb7 15. b6 Nxc5
16. dxc5 Bxc5 17. O-O Bxb6 18. Qb3 Bc8 19. Bxf6 gxf6 20. Bh5 Bc7 21. f3 Ba6 22.
Rf2 f5 23. fxe4 Qh4 24. Bf3 Qxh2# 0-1